| 000 | 00390nam a2200145 a 4500 | ||
|---|---|---|---|
| 005 | 20140412111234.0 | ||
| 008 | 110127s19uu xx 00 eng d | ||
| 020 | _a0-02-643344-3 | ||
| 050 |
_aTR(GS 425 _bB84 1988 |
||
| 100 | _aCrozier, Kim | ||
| 245 |
_aBuilding skills in English / _cKim W. Crozier. |
||
| 260 |
_aCalifornia : _bGlencoe pub, _c1988. |
||
| 300 | _a158p. | ||
| 999 |
_c102364 _d102364 |
||